[Event "TICF 2024"]
[Site "Famalicao"]
[Date "2024.07.24"]
[Round "3.1"]
[White "Fier, Alexandr"]
[Black "Antonio, Pereira Santos"]
[Result "1-0"]
[BlackElo "2158"]
[WhiteElo "2587"]
[LiveChessVersion "1.4.8"]

1. e4 {[%clk 1:30:57]} c5 {[%clk 1:27:46]} 2. Nf3 {[%clk 1:31:24]} d6
{[%clk 1:27:58]} 3. d4 {[%clk 1:31:49]} cxd4 {[%clk 1:28:14]} 4. Nxd4
{[%clk 1:32:16]} Nf6 {[%clk 1:28:32]} 5. Nc3 {[%clk 1:32:43]} a6 {[%clk 1:28:53]}
6. Bg5 {[%clk 1:33:09]} e6 {[%clk 1:29:12]} 7. f4 {[%clk 1:33:35]} h6
{[%clk 1:29:35]} 8. Bh4 {[%clk 1:34:01]} Qb6 {[%clk 1:29:55]} 9. a3
{[%clk 1:32:35]} Be7 {[%clk 1:27:27]} 10. Bf2 {[%clk 1:32:59]} Qc7
{[%clk 1:27:47]} 11. Qf3 {[%clk 1:33:23]} b5 {[%clk 1:27:03]} 12. O-O-O
{[%clk 1:33:37]} Bb7 {[%clk 1:26:47]} 13. g4 {[%clk 1:32:03]} Nbd7
{[%clk 1:11:26]} 14. h4 {[%clk 1:32:26]} Nc5 {[%clk 1:11:41]} 15. Bd3
{[%clk 1:32:52]} Nxd3+ {[%clk 0:49:11]} 16. Rxd3 {[%clk 1:33:10]} d5
{[%clk 0:49:21]} 17. e5 {[%clk 1:33:36]} Ne4 {[%clk 0:49:45]} 18. Be1
{[%clk 1:29:42]} g6 {[%clk 0:37:16]} 19. Qg2 {[%clk 1:18:07]} h5 {[%clk 0:23:51]}
20. gxh5 {[%clk 1:18:29]} Rxh5 {[%clk 0:24:00]} 21. Nxe6 {[%clk 1:18:25]} 1-0

[Event "TICF 2024"]
[Site "Famalicao"]
[Date "2024.07.24"]
[Round "3.2"]
[White "Monteiro, Paulo"]
[Black "Lelys, Martinez Duany"]
[Result "1/2-1/2"]
[BlackElo "2448"]
[WhiteElo "2138"]
[LiveChessVersion "1.4.8"]

1. d4 {[%clk 1:30:57]} Nf6 {[%clk 1:29:21]} 2. c4 {[%clk 1:31:15]} c5
{[%clk 1:29:21]} 3. d5 {[%clk 1:31:22]} g6 {[%clk 1:29:38]} 4. Nc3
{[%clk 1:31:32]} Bg7 {[%clk 1:30:03]} 5. e4 {[%clk 1:31:36]} d6 {[%clk 1:30:26]}
6. Bd3 {[%clk 1:30:50]} O-O {[%clk 1:30:47]} 7. h3 {[%clk 1:30:58]} Na6
{[%clk 1:31:09]} 8. Nge2 {[%clk 1:29:07]} Nc7 {[%clk 1:29:14]} 9. f4
{[%clk 1:18:51]} e6 {[%clk 1:28:25]} 10. O-O {[%clk 1:12:33]} exd5
{[%clk 1:27:53]} 11. exd5 {[%clk 1:12:24]} Re8 {[%clk 1:26:36]} 12. f5
{[%clk 1:01:33]} Nh5 {[%clk 1:07:24]} 13. g4 {[%clk 0:49:13]} Nf6
{[%clk 1:05:54]} 14. fxg6 {[%clk 0:43:52]} fxg6 {[%clk 1:05:25]} 15. Bg5
{[%clk 0:43:30]} Rf8 {[%clk 1:05:30]} 16. Qd2 {[%clk 0:42:34]} a6
{[%clk 1:05:19]} 17. a4 {[%clk 0:41:46]} b6 {[%clk 1:05:21]} 18. Rf2
{[%clk 0:39:54]} Nce8 {[%clk 1:05:33]} 19. Raf1 {[%clk 0:38:20]} Ra7
{[%clk 1:05:56]} 20. Nf4 {[%clk 0:31:45]} Re7 {[%clk 1:03:51]} 21. Bxg6
{[%clk 0:29:59]} hxg6 {[%clk 1:03:50]} 22. Nxg6 {[%clk 0:30:23]} Ref7
{[%clk 1:03:34]} 23. Nxf8 {[%clk 0:30:30]} Rxf8 {[%clk 1:03:14]} 24. Qd3
{[%clk 0:20:51]} Qc7 {[%clk 0:59:34]} 25. Ne4 {[%clk 0:19:35]} Nh7
{[%clk 0:58:07]} 26. Rxf8+ {[%clk 0:19:29]} Nxf8 {[%clk 0:58:28]} 27. Qf3
{[%clk 0:11:55]} Ng6 {[%clk 0:55:16]} 28. Nf6+ {[%clk 0:09:38]} Nxf6
{[%clk 0:52:43]} 29. Bxf6 {[%clk 0:10:02]} Qf7 {[%clk 0:50:53]} 30. Bxg7
{[%clk 0:09:29]} Qxg7 {[%clk 0:47:26]} 31. Qf6 {[%clk 0:09:20]} Bd7
{[%clk 0:47:44]} 32. Qxd6 {[%clk 0:08:03]} Ne5 {[%clk 0:48:02]} 33. Qf6
{[%clk 0:06:03]} Nxc4 {[%clk 0:48:00]} 34. Qd8+ {[%clk 0:06:10]} Kh7
{[%clk 0:48:21]} 35. Qh4+ {[%clk 0:06:23]} Kg8 {[%clk 0:48:45]} 36. Qd8+
{[%clk 0:06:10]} 1/2-1/2

[Event "TICF 2024"]
[Site "Famalicao"]
[Date "2024.07.24"]
[Round "3.3"]
[White "Kevin, Spraggett"]
[Black "Galvan Cipriani, Viviana"]
[Result "1-0"]
[BlackElo "2081"]
[WhiteElo "2440"]
[LiveChessVersion "1.4.8"]

1. e4 c5 2. Nf3 Nc6 3. d4 cxd4 4. Nxd4 Nf6 5. Nc3 e5 6. Ndb5 d6 7. Nd5 Nxd5 8.
exd5 Nb8 9. a4 Be7 10. Bd2 O-O 11. a5 Bf5 12. Be2 a6 13. Na3 Nd7 14. Nc4 Be4 15.
Bf3 Bxf3 16. Qxf3 f5 17. Bb4 Qc7 18. b3 Rae8 19. O-O Rf6 20. Rad1 Bf8 21. Qc3 Qb8
22. f3 Rc8 23. Qd2 Qc7 24. Qe3 Re8 25. f4 e4 26. Bc3 Rg6 27. Bd4 Nf6 28. Bxf6
Rxf6 29. Kh1 Rh6 30. Rd2 Qf7 31. g3 Rc8 32. Nb6 Rc7 33. c4 Be7 34. b4 Qf8 35. Rc2
Rg6 36. Rfc1 h5 37. c5 Kh7 38. c6 h4 39. gxh4 Bxh4 40. Rg1 Rh6 41. Qe2 Qf7 42.
Rg2 Bf6 43. b5 axb5 44. Qxb5 Qh5 45. Qe2 Qf7 46. Na8 Rc8 47. Nb6 Rc7 48. Qd1 Rh4
49. Rgf2 Qe8 50. cxb7 Rxb7 51. Rf1 Qb5 52. Nc4 Qa6 53. Qe2 g6 54. Qe3 Rc7 55. Qb3
Bd4 56. Rd1 Bc5 57. Qg3 Rg4 58. Qh3+ Kg8 59. Qc3 Rxf4 60. Qf6 Rg7 61. Rc3 Qb7 62.
Qd8+ Kf7 63. Ne5+ dxe5 64. Rxc5 1-0

[Event "TICF 2024"]
[Site "Famalicao"]
[Date "2024.07.24"]
[Round "3.4"]
[White "Pinho, Paulo"]
[Black "Vladislav, Larkin"]
[Result "0-1"]
[BlackElo "2436"]
[WhiteElo "2116"]
[LiveChessVersion "1.4.8"]

1. d4 {[%clk 1:30:43]} Nc6 {[%clk 1:30:25]} 2. Nf3 {[%clk 1:30:43]} d6
{[%clk 1:30:50]} 3. d5 {[%clk 1:27:44]} Ne5 {[%clk 1:29:20]} 4. e4
{[%clk 1:21:53]} Nf6 {[%clk 1:29:37]} 5. Nxe5 {[%clk 1:21:25]} dxe5
{[%clk 1:30:01]} 6. Bb5+ {[%clk 1:21:04]} Bd7 {[%clk 1:30:18]} 7. Qe2
{[%clk 1:20:47]} e6 {[%clk 1:27:14]} 8. dxe6 {[%clk 1:20:15]} fxe6
{[%clk 1:27:39]} 9. Bg5 {[%clk 1:10:00]} Bd6 {[%clk 1:27:48]} 10. Bxd7+
{[%clk 1:07:17]} Qxd7 {[%clk 1:28:08]} 11. Bxf6 {[%clk 1:06:48]} gxf6
{[%clk 1:28:33]} 12. Nd2 {[%clk 1:06:59]} Qa4 {[%clk 1:22:41]} 13. c3
{[%clk 0:51:18]} Ke7 {[%clk 1:22:18]} 14. O-O {[%clk 0:50:08]} h5
{[%clk 1:08:32]} 15. Nc4 {[%clk 0:49:13]} Rag8 {[%clk 1:03:22]} 16. Rfd1
{[%clk 0:44:28]} Rg4 {[%clk 1:02:54]} 17. f3 {[%clk 0:39:39]} Rg6
{[%clk 1:01:32]} 18. Rd2 {[%clk 0:39:20]} h4 {[%clk 0:47:30]} 19. Rad1
{[%clk 0:30:48]} Rhg8 {[%clk 0:46:33]} 20. Qf1 {[%clk 0:31:06]} f5
{[%clk 0:42:44]} 21. Kh1 {[%clk 0:26:05]} fxe4 {[%clk 0:39:23]} 22. fxe4
{[%clk 0:22:54]} h3 {[%clk 0:39:03]} 23. g3 {[%clk 0:23:12]} Rf6 {[%clk 0:38:50]}
24. Qe2 Rgf8 {[%clk 0:39:01]} 25. Nxd6 {[%clk 0:18:48]} cxd6 {[%clk 0:39:26]} 26.
Kg1 {[%clk 0:15:37]} Qc6 {[%clk 0:36:55]} 27. Qe3 {[%clk 0:14:58]} b6
{[%clk 0:23:46]} 28. g4 {[%clk 0:08:34]} Rf3 {[%clk 0:19:48]} 29. Qg5+
{[%clk 0:08:51]} R8f6 {[%clk 0:18:18]} 30. Qg7+ {[%clk 0:08:59]} Rf7
{[%clk 0:18:35]} 31. Qg5+ {[%clk 0:09:14]} R3f6 {[%clk 0:17:23]} 32. Qe3
{[%clk 0:04:21]} Rg7 {[%clk 0:17:15]} 33. Qxh3 {[%clk 0:04:22]} Qxe4
{[%clk 0:17:29]} 34. Rg2 {[%clk 0:04:34]} Rf4 {[%clk 0:14:55]} 35. Qh4+
{[%clk 0:03:59]} Kd7 {[%clk 0:14:55]} 36. h3 {[%clk 0:02:21]} Rh7
{[%clk 0:15:21]} 37. Qe1 {[%clk 0:01:50]} Qxe1+ {[%clk 0:15:14]} 38. Rxe1
{[%clk 0:02:16]} Rxh3 {[%clk 0:15:40]} 39. g5 {[%clk 0:02:13]} Rh7
{[%clk 0:15:43]} 40. Re3 {[%clk 0:02:27]} e4 {[%clk 0:15:33]} 41. g6
{[%clk 0:02:28]} Rg7 {[%clk 0:15:54]} 42. Rh3 {[%clk 0:02:31]} Ke7
{[%clk 0:16:13]} 43. Rh8 {[%clk 0:02:28]} d5 {[%clk 0:16:14]} 0-1

[Event "TICF 2024"]
[Site "Famalicao"]
[Date "2024.07.24"]
[Round "3.5"]
[White "Andre, Ventura Sousa"]
[Black "Romano, Joao"]
[Result "1-0"]
[BlackElo "2051"]
[WhiteElo "2431"]
[LiveChessVersion "1.4.8"]

1. d4 d5 2. Bf4 Nf6 3. e3 e6 4. Nf3 Bd6 5. Nbd2 O-O 6. c3 c5 7. Bd3 Bxf4 8. exf4
Qd6 9. g3 cxd4 10. cxd4 Nc6 11. a3 Bd7 12. O-O Rfc8 13. Qe2 Rc7 14. b4 Rac8 15.
h4 Nb8 16. b5 Rc3 17. a4 Ra3 18. Ne5 Qb4 19. Rxa3 Qxa3 20. g4 Qxa4 21. g5 Qxd4
22. gxf6 gxf6 23. Qg4+ Kf8 24. Ndf3 Qc3 25. f5 Ke7 26. Nxd7 Nxd7 27. fxe6 fxe6
28. Nd4 Qxd3 29. Qxe6+ Kd8 30. Qg8+ Kc7 31. Rc1+ 1-0

[Event "TICF 2024"]
[Site "Famalicao"]
[Date "2024.07.24"]
[Round "3.6"]
[White "Ribeiro, Orlando"]
[Black "Vladimir, Petkov"]
[Result "0-1"]
[BlackElo "2417"]
[WhiteElo "2001"]
[LiveChessVersion "1.4.8"]

1. e4 c5 2. Nf3 d6 3. d4 cxd4 4. Nxd4 Nf6 5. Nc3 a6 6. g3 e5 7. Nde2 Be6 8. Bg2
Nbd7 9. O-O h5 10. h3 Qc7 11. Nd5 Nxd5 12. exd5 Bf5 13. c3 g6 14. Be3 Bg7 15. f4
exf4 16. gxf4 Nf6 17. Nd4 Qd7 18. Nxf5 Qxf5 19. Qb1 O-O-O 20. Qxf5+ gxf5 21. Bd4
Rhg8 22. Rae1 Ne4 23. Bxe4 Bxd4+ 24. Kh2 fxe4 25. cxd4 f5 26. Rg1 h4 27. Rxg8
Rxg8 28. Rg1 Rg3 29. Rxg3 hxg3+ 30. Kxg3 Kd7 31. a4 b6 32. b3 Ke7 33. Kh4 Kf6 34.
Kg3 Kg6 35. Kh4 Kh6 0-1

[Event "TICF 2024"]
[Site "Famalicao"]
[Date "2024.07.24"]
[Round "3.7"]
[White "Alex, Garrido Outon"]
[Black "Almeida, Joao"]
[Result "1-0"]
[BlackElo "2012"]
[WhiteElo "2403"]
[LiveChessVersion "1.4.8"]

1. e4 c5 2. Nf3 d6 3. d4 cxd4 4. Nxd4 Nf6 5. Nc3 a6 6. h3 e5 7. Nb3 Be7 8. Be3 h5
9. Qf3 Be6 10. O-O-O Nbd7 11. Kb1 Rc8 12. Nd5 Bxd5 13. exd5 Qc7 14. c3 b5 15. Be2
Nb6 16. g4 e4 17. Qf5 Na4 18. g5 Nd7 19. Qxe4 O-O 20. Bxh5 Rfe8 21. g6 f6 22. Bg4
1-0

[Event "TICF 2024"]
[Site "Famalicao"]
[Date "2024.07.24"]
[Round "3.8"]
[White "Cristian, Silva Lucena"]
[Black "Macedo, Adriano"]
[Result "1/2-1/2"]
[BlackElo "1978"]
[WhiteElo "2346"]
[LiveChessVersion "1.4.8"]

1. e4 {[%clk 1:30:56]} c5 {[%clk 1:29:17]} 2. Nf3 {[%clk 1:31:23]} d6
{[%clk 1:29:42]} 3. d4 {[%clk 1:31:49]} cxd4 {[%clk 1:30:07]} 4. Nxd4
{[%clk 1:32:16]} Nf6 {[%clk 1:30:30]} 5. Nc3 {[%clk 1:32:42]} a6 {[%clk 1:30:56]}
6. Bg5 {[%clk 1:33:08]} e6 {[%clk 1:31:17]} 7. f4 {[%clk 1:33:36]} Be7
{[%clk 1:31:42]} 8. Qf3 {[%clk 1:34:01]} Qc7 {[%clk 1:32:06]} 9. O-O-O
{[%clk 1:34:17]} Nbd7 {[%clk 1:32:29]} 10. Bd3 {[%clk 1:34:20]} b5
{[%clk 1:32:16]} 11. Rhe1 {[%clk 1:34:40]} Bb7 {[%clk 1:32:33]} 12. Qg3
{[%clk 1:35:08]} h6 {[%clk 1:32:53]} 13. Bxf6 {[%clk 1:34:30]} Bxf6
{[%clk 1:33:15]} 14. Bxb5 {[%clk 1:32:20]} axb5 {[%clk 1:33:31]} 15. Ndxb5
{[%clk 1:32:48]} Qb6 {[%clk 1:33:36]} 16. Nxd6+ {[%clk 1:32:08]} Kf8
{[%clk 1:34:03]} 17. e5 {[%clk 1:32:12]} Be7 {[%clk 1:34:21]} 18. f5
{[%clk 1:30:46]} Bd5 {[%clk 1:29:45]} 19. Nxd5 {[%clk 1:20:12]} exd5
{[%clk 1:30:03]} 20. Kb1 Nxe5 {[%clk 1:12:07]} 21. Qxe5 {[%clk 1:20:07]} Qxd6
{[%clk 1:09:42]} 22. Qxd5 {[%clk 1:20:28]} Rd8 {[%clk 1:01:25]} 23. Qf3
{[%clk 1:15:05]} Qb6 {[%clk 0:51:35]} 24. Rxd8+ {[%clk 1:14:28]} Bxd8
{[%clk 0:51:10]} 25. Qe4 {[%clk 1:13:31]} Kg8 {[%clk 0:41:59]} 26. Qe8+
{[%clk 1:13:12]} Kh7 {[%clk 0:42:24]} 27. Qxf7 {[%clk 1:13:39]} Bc7
{[%clk 0:36:23]} 28. f6 {[%clk 1:10:07]} Rg8 {[%clk 0:34:13]} 29. fxg7
{[%clk 1:09:06]} Bxh2 {[%clk 0:30:33]} 30. Qf5+ {[%clk 1:07:36]} Qg6
{[%clk 0:30:56]} 31. Qxg6+ {[%clk 1:08:02]} Kxg6 {[%clk 0:31:24]} 32. b4
{[%clk 1:08:19]} Kf6 {[%clk 0:30:06]} 33. Kb2 {[%clk 1:06:34]} Rxg7
{[%clk 0:29:19]} 34. Re2 {[%clk 1:07:00]} Be5+ {[%clk 0:29:34]} 35. c3
{[%clk 1:07:18]} Ke6 {[%clk 0:29:24]} 36. Kb3 {[%clk 1:07:17]} Rg3
{[%clk 0:29:41]} 37. Rc2 {[%clk 1:07:37]} Kd5 {[%clk 0:29:29]} 38. a4
{[%clk 1:07:40]} h5 {[%clk 0:29:19]} 39. a5 {[%clk 1:07:51]} Kc6 {[%clk 0:26:04]}
40. Kc4 {[%clk 1:08:13]} Rg4+ {[%clk 0:26:13]} 41. Kb3 {[%clk 1:08:31]} Rg3
{[%clk 0:25:49]} 42. Rf2 {[%clk 0:59:43]} Kb5 {[%clk 0:16:45]} 43. Rc2
{[%clk 0:59:30]} h4 {[%clk 0:16:50]} 44. Kb2 {[%clk 0:59:48]} Rxc3
{[%clk 0:16:41]} 45. Rxc3 {[%clk 0:58:27]} Kxb4 {[%clk 0:17:06]} 46. Kc2
{[%clk 0:58:40]} Bxc3 {[%clk 0:17:27]} 47. Kd3 {[%clk 0:58:59]} Be5
{[%clk 0:16:25]} 48. a6 {[%clk 0:58:04]} Bb8 {[%clk 0:16:49]} 49. Ke2
{[%clk 0:57:46]} Kb5 {[%clk 0:17:13]} 50. Kf2 {[%clk 0:58:08]} Kxa6
{[%clk 0:17:30]} 51. Kg1 {[%clk 0:58:26]} Kb5 {[%clk 0:17:57]} 52. Kh1
{[%clk 0:58:51]} Kc4 {[%clk 0:18:24]} 53. Kg1 {[%clk 0:59:16]} Kd3
{[%clk 0:18:47]} 54. Kh1 {[%clk 0:59:37]} Ke2 {[%clk 0:19:12]} 55. Kg1
{[%clk 1:00:02]} Ba7+ {[%clk 0:19:09]} 56. Kh1 {[%clk 1:00:14]} Bf2
{[%clk 0:19:00]} 57. Kh2 {[%clk 1:00:33]} Kf1 {[%clk 0:19:19]} 58. Kh1
{[%clk 1:00:54]} Ke2 {[%clk 0:17:07]} 59. Kh2 {[%clk 1:01:14]} Ke3
{[%clk 0:14:02]} 60. Kh1 {[%clk 1:01:41]} Kf4 {[%clk 0:14:23]} 61. Kh2
{[%clk 1:02:08]} Kg4 {[%clk 0:14:36]} 62. Kh1 {[%clk 1:02:32]} Bg3
{[%clk 0:12:55]} 63. Kg1 {[%clk 1:02:55]} Bd6 {[%clk 0:13:02]} 64. Kh1
{[%clk 1:03:18]} Kg3 {[%clk 0:12:56]} 65. Kg1 {[%clk 1:03:45]} Bc5+
{[%clk 0:10:23]} 66. Kh1 {[%clk 1:04:08]} Kf2 {[%clk 0:10:44]} 67. g4
{[%clk 1:04:14]} hxg3 1/2-1/2

[Event "TICF 2024"]
[Site "Famalicao"]
[Date "2024.07.24"]
[Round "3.9"]
[White "Macias Sanchez, Homero"]
[Black "Gustavo, Ribeiro"]
[Result "1-0"]
[BlackElo "2256"]
[WhiteElo "1978"]
[LiveChessVersion "1.4.8"]

1. e4 c5 2. b3 Nc6 3. Bb2 Nf6 4. e5 Nd5 5. Nf3 g6 6. Ng5 e6 7. Ne4 Bg7 8. Nd6+
Kf8 9. Qf3 Qe7 10. Qg3 f5 11. exf6 Bxf6 12. Nc3 Nd4 13. Nxc8 Rxc8 14. O-O-O Nxc3
15. dxc3 Nc6 16. h4 Rg8 17. h5 g5 18. Qf3 Ke8 19. Bc4 a6 20. Rhe1 g4 21. Qe4 b5
22. Bd5 Rg5 23. Bxc6 Rxc6 24. c4 Bxb2+ 25. Kxb2 bxc4 26. Qf4 cxb3 27. axb3 c4 28.
Re5 Qb4 29. Qxg5 c3+ 30. Ka2 Qf8 31. h6 Rd6 32. Rc5 1-0

[Event "TICF 2024"]
[Site "Famalicao"]
[Date "2024.07.24"]
[Round "3.10"]
[White "Yaniela, Forgas Moreno"]
[Black "Demyanchuk, Sergey"]
[Result "1-0"]
[BlackElo "1873"]
[WhiteElo "2234"]
[LiveChessVersion "1.4.8"]

1. e4 {[%clk 1:29:46]} e5 {[%clk 1:30:53]} 2. Nf3 {[%clk 1:30:07]} Nc6
{[%clk 1:31:18]} 3. Bc4 {[%clk 1:30:30]} Bc5 {[%clk 1:31:34]} 4. c3
{[%clk 1:30:51]} Nf6 {[%clk 1:31:59]} 5. d3 {[%clk 1:31:17]} h6 {[%clk 1:32:13]}
6. O-O {[%clk 1:31:40]} d6 {[%clk 1:32:26]} 7. Re1 {[%clk 1:31:41]} O-O
{[%clk 1:32:33]} 8. Nbd2 {[%clk 1:32:01]} Re8 {[%clk 1:31:34]} 9. Nf1
{[%clk 1:32:17]} Be6 {[%clk 1:30:08]} 10. Bb5 {[%clk 1:31:50]} a6
{[%clk 1:29:02]} 11. Ba4 {[%clk 1:32:14]} b5 {[%clk 1:28:47]} 12. Bc2
{[%clk 1:32:40]} d5 {[%clk 1:28:28]} 13. exd5 {[%clk 1:32:58]} Bxd5
{[%clk 1:28:45]} 14. Ne3 {[%clk 1:33:12]} Bxe3 {[%clk 1:27:02]} 15. Bxe3
{[%clk 1:33:26]} e4 {[%clk 1:27:11]} 16. dxe4 {[%clk 1:30:23]} Bxe4
{[%clk 1:27:29]} 17. Nd4 {[%clk 1:30:36]} Bxc2 {[%clk 1:27:33]} 18. Qxc2
{[%clk 1:30:57]} Nxd4 {[%clk 1:27:49]} 19. Bxd4 {[%clk 1:31:20]} Qd6
{[%clk 1:27:30]} 20. Qf5 {[%clk 1:31:34]} Re6 {[%clk 1:24:55]} 21. Rxe6
{[%clk 1:29:21]} Qxe6 {[%clk 1:24:58]} 22. Qxe6 {[%clk 1:28:01]} fxe6
{[%clk 1:25:21]} 23. a4 {[%clk 1:28:20]} c6 {[%clk 1:25:10]} 24. axb5
{[%clk 1:28:31]} cxb5 {[%clk 1:25:35]} 25. b4 {[%clk 1:28:08]} Kf7
{[%clk 1:25:48]} 26. f3 {[%clk 1:28:29]} g6 {[%clk 1:24:45]} 27. Kf2
{[%clk 1:28:06]} Nd5 {[%clk 1:24:56]} 28. g3 {[%clk 1:28:11]} Ke7
{[%clk 1:24:21]} 29. Ke2 {[%clk 1:27:10]} Kd6 {[%clk 1:24:28]} 30. f4
{[%clk 1:26:54]} h5 {[%clk 1:24:04]} 31. Kd3 {[%clk 1:26:39]} h4 {[%clk 1:23:22]}
32. Be5+ {[%clk 1:26:34]} Kc6 {[%clk 1:23:02]} 33. gxh4 {[%clk 1:26:50]} Ne7
{[%clk 1:23:06]} 34. Rg1 {[%clk 1:26:17]} Kd5 {[%clk 1:23:07]} 35. Bf6
{[%clk 1:26:17]} Ng8 {[%clk 1:18:30]} 36. Rg5+ {[%clk 1:25:24]} Kd6
{[%clk 1:15:50]} 37. Be5+ {[%clk 1:25:40]} Kd5 {[%clk 1:16:02]} 38. h5
{[%clk 1:24:25]} gxh5 {[%clk 1:16:00]} 39. Bb8+ {[%clk 1:24:44]} Kc6
{[%clk 1:15:37]} 40. Rxg8 {[%clk 1:25:08]} Kb7 {[%clk 1:14:36]} 41. Ke4
{[%clk 1:25:33]} a5 {[%clk 1:14:16]} 42. bxa5 {[%clk 1:24:21]} Rxa5
{[%clk 1:14:25]} 43. Be5 {[%clk 1:23:05]} Ra4+ {[%clk 1:13:19]} 44. Bd4
{[%clk 1:23:12]} Ra2 {[%clk 1:13:16]} 45. h4 {[%clk 1:23:22]} Rh2
{[%clk 1:13:26]} 46. Bf6 {[%clk 1:23:39]} Kc6 {[%clk 1:13:10]} 47. Rh8
{[%clk 1:23:49]} Re2+ {[%clk 1:12:28]} 48. Kf3 {[%clk 1:24:07]} Rb2
{[%clk 1:12:08]} 49. Rxh5 {[%clk 1:24:22]} Rb3 {[%clk 1:11:44]} 50. Kg4
{[%clk 1:24:09]} b4 {[%clk 1:11:54]} 51. cxb4 {[%clk 1:24:31]} Rxb4
{[%clk 1:12:20]} 52. Rh8 {[%clk 1:24:05]} Rb1 {[%clk 1:11:52]} 53. h5
{[%clk 1:24:19]} Kd5 {[%clk 1:11:40]} 54. h6 {[%clk 1:23:47]} Ke4
{[%clk 1:11:54]} 55. Bh4 {[%clk 1:23:31]} Rg1+ {[%clk 1:09:45]} 56. Kh5
{[%clk 1:23:45]} Rg2 {[%clk 1:08:58]} 57. Rf8 {[%clk 1:23:54]} Kd5 1-0

[Event "TICF 2024"]
[Site "Famalicao"]
[Date "2024.07.24"]
[Round "3.11"]
[White "Ferreira, Vasco"]
[Black "Rodrigo, Ribeiro"]
[Result "1-0"]
[BlackElo "2196"]
[WhiteElo "1808"]
[LiveChessVersion "1.4.8"]

1. e4 {[%clk 1:30:57]} c5 {[%clk 1:30:59]} 2. Nf3 {[%clk 1:31:13]} e6
{[%clk 1:31:23]} 3. d4 {[%clk 1:31:15]} cxd4 {[%clk 1:31:49]} 4. Nxd4
{[%clk 1:31:31]} a6 {[%clk 1:32:17]} 5. c4 {[%clk 1:31:49]} Nf6 {[%clk 1:32:28]}
6. Nc3 {[%clk 1:31:56]} Qc7 {[%clk 1:31:35]} 7. a3 {[%clk 1:31:33]} Be7
{[%clk 1:24:06]} 8. Be3 {[%clk 1:27:01]} O-O {[%clk 1:24:12]} 9. Bd3
{[%clk 1:25:32]} d6 {[%clk 1:17:33]} 10. O-O {[%clk 1:23:40]} b6 {[%clk 1:14:02]}
11. f4 {[%clk 1:19:55]} Bb7 {[%clk 1:13:11]} 12. Rc1 {[%clk 1:19:28]} Nbd7
{[%clk 1:13:33]} 13. b4 {[%clk 1:19:33]} Rac8 {[%clk 0:56:29]} 14. g4
{[%clk 1:14:33]} h6 {[%clk 0:56:50]} 15. g5 {[%clk 1:02:02]} hxg5
{[%clk 0:47:40]} 16. fxg5 {[%clk 1:02:24]} Ne8 {[%clk 0:45:15]} 17. g6
{[%clk 1:01:57]} Bf6 {[%clk 0:43:50]} 18. Nxe6 {[%clk 1:00:55]} fxe6
{[%clk 0:43:21]} 19. Qh5 {[%clk 1:01:13]} Rf7 {[%clk 0:43:44]} 20. gxf7+ 1-0

[Event "TICF 2024"]
[Site "Famalicao"]
[Date "2024.07.24"]
[Round "3.12"]
[White "Paiva, Manuel"]
[Black "Daniel, Campora"]
[Result "0-1"]
[BlackElo "2351"]
[WhiteElo "1839"]
[LiveChessVersion "1.4.8"]

1. e4 {[%clk 1:30:50]} e5 {[%clk 1:30:55]} 2. Nf3 {[%clk 1:31:13]} Nc6
{[%clk 1:31:20]} 3. d4 {[%clk 1:31:29]} exd4 {[%clk 1:31:44]} 4. Nxd4
{[%clk 1:31:54]} Bb4+ {[%clk 1:32:01]} 5. c3 {[%clk 1:31:58]} Bc5
{[%clk 1:32:24]} 6. Be3 {[%clk 1:31:20]} Bb6 {[%clk 1:32:45]} 7. Nf5
{[%clk 1:31:39]} Bxe3 {[%clk 1:32:57]} 8. Nxe3 {[%clk 1:32:02]} Nf6
{[%clk 1:33:23]} 9. f3 {[%clk 1:31:50]} O-O {[%clk 1:33:42]} 10. c4
{[%clk 1:31:51]} d6 {[%clk 1:32:23]} 11. Qd2 {[%clk 1:31:49]} a5 {[%clk 1:29:25]}
12. Nc3 {[%clk 1:29:25]} Nd7 {[%clk 1:29:10]} 13. Bd3 {[%clk 1:20:47]} Nc5
{[%clk 1:29:22]} 14. O-O {[%clk 1:19:51]} Nxd3 {[%clk 1:23:40]} 15. Qxd3
{[%clk 1:19:38]} Ne5 {[%clk 1:24:05]} 16. Qc2 {[%clk 1:13:55]} Be6
{[%clk 1:23:51]} 17. b3 {[%clk 1:12:55]} f6 {[%clk 1:23:57]} 18. Rad1
{[%clk 1:11:26]} Nd7 {[%clk 1:23:20]} 19. a4 {[%clk 1:01:16]} Nc5
{[%clk 1:23:01]} 20. Nb5 {[%clk 0:57:56]} Rf7 {[%clk 1:20:55]} 21. Nd4
{[%clk 0:52:32]} Rd7 {[%clk 1:16:02]} 22. Rf2 {[%clk 0:47:46]} Bf7
{[%clk 1:15:35]} 23. Qc3 {[%clk 0:39:09]} c6 {[%clk 1:14:26]} 24. Ndf5
{[%clk 0:34:10]} Bg6 {[%clk 1:10:24]} 25. Rfd2 {[%clk 0:33:36]} Qb6
{[%clk 1:08:33]} 26. Rxd6 {[%clk 0:29:46]} Bxf5 {[%clk 1:07:07]} 27. exf5
{[%clk 0:24:00]} Rxd6 {[%clk 1:06:46]} 28. Rxd6 {[%clk 0:24:07]} Qxb3
{[%clk 1:06:53]} 29. Qd4 {[%clk 0:22:24]} Qb6 {[%clk 1:05:20]} 30. Nd5
{[%clk 0:20:31]} Qb1+ {[%clk 1:05:06]} 31. Kf2 {[%clk 0:20:44]} Re8
{[%clk 1:05:10]} 32. Ne3 {[%clk 0:15:53]} Qb6 {[%clk 1:04:19]} 33. Kg3
{[%clk 0:14:06]} Nxa4 {[%clk 1:01:30]} 34. c5 {[%clk 0:12:34]} Qxc5
{[%clk 1:00:41]} 0-1